000 00396nam a2200109Ia 4500
008 170221s9999 xx 000 0 und d
100 _aMichael Gaffikin
245 4 _aThe Moral Reasoning of Public Accountants in the Development of a Code of Ethics: the Case of Indonesia
245 _cMichael Gaffikin and ASL Lindawati
650 _xBusiness
856 _uhttp://ro.uow.edu.au/aabfj/vol6/iss1/10/
999 _c307922
_d307922